| Поле | Инд. | ПП | Название | Значение |
|---|---|---|---|---|
| Тип записи | a | |||
| Библиографический уровень | a | |||
| 001 | Контрольный номер | c7f3d212cc9b4913a51bc6268ad8f881 | ||
| 005 | Дата корректировки | 20220126110012.8 | ||
| 040 | a | Служба первич. каталог. | НБ ТвГУ | |
| b | Код языка каталог. | rus | ||
| e | Правила каталог. | PSBO | ||
| 041 | 0_ | a | Код языка текста | rus |
| 097 | b | Оператор | Komarova.ES | |
| 100 | 1_ | a | Автор | Гусев Алексей Николаевич |
| q | Полное имя | Гусев А. Н. | ||
| 245 | 10 | a | Заглавие | Метод прямой оценки лицевых экспрессий на видеозаписи: от восприятия эксперта к компьютерному зрению |
| 260 | a | Место издания | Тверь | |
| 520 | 0_ | a | Аннотация | Целью нашего практико-ориентированного исследования была разработка методологии и технологии автоматизированного анализа лицевых экспрессий. Можно констатировать, что в настоящее время нет надежных методов для компьютерной оценки мимической активности по видеозаписям, работающих в соответствии с системой FACS. Мы разработали специализированное программное обеспечение F2F Emotion Studio для автоматизированной оценки микро- и макролицевых экспрессий. Были созданы и использованы оригинальные (авторские) процедуры компьютерного зрения, которые позволили смоделировать процессы восприятия эксперта и прямо по изменению света на лице оценивать отдельные двигательные единицы FACS, базовые эмоции и сложные мимические паттерны. Эмпирическая проверка точности и надежности нашего программного обеспечения была выполнена с использованием двух международных баз данных видеозаписей микро- и макродвижений лица - SAMM and CASME II. Описаны и критически оценены возможности двух принципиально разных подходов к анализу мимической активности - селективного и комплексного. Показаны преимущества второго подхода, практическая реализация принципов которого позволила нам с высокой точностью обнаруживать отдельные двигательные единицы и таким образом решить задачу объективной оценки мимической активности. |
| 653 | 0_ | a | Ключевые слова | Мимическая активность |
| a | Ключевые слова | Двигательные единицы системы FACS | ||
| a | Ключевые слова | Компьютерное зрение | ||
| a | Ключевые слова | Эмоции | ||
| a | Ключевые слова | База данных | ||
| a | Ключевые слова | Макролицевые экспрессии | ||
| a | Ключевые слова | Москва, город | ||
| 700 | 12 | a | Другие авторы | Баев Михаил Степанович |
| q | Полное имя | Баев М. С. | ||
| 700 | 12 | a | Другие авторы | Кремлев Александр Евгеньевич |
| q | Полное имя | Кремлев А. Е. | ||
| 773 | 18 | w | Контрольный № источника | 4414cf24de63427689524a23dde0de80 |
| t | Название источника | Психология труда, организации и управления в условиях цифровой трансформации общества | ||
| d | Место и дата издания | Тверь, 2021 | ||
| g | Прочая информация | С. 268-278 | ||
| 901 | t | Тип документа | a | |
| 920 | a | Оператор | Кома | |
| 954 | b | Дата поступления в ОК | 20220126 |